| 000 | 00840cam0a220021700 4500 | ||
|---|---|---|---|
| 001 | zam00000681 | ||
| 008 | 951128s1987 xx eng u | ||
| 020 | _a00682833086 | ||
| 035 | _a(Sirsi) r18171 | ||
| 035 | _a(MACHINE)00935 | ||
| 100 | 1 |
_aMead, William, 1628-1713. _dMead, William, 1628-1713. _6A7279.1 |
|
| 245 | 1 | 0 |
_aSweden : _bthe land of today. |
| 260 |
_aSurrey : _bColour Library Books, _c1987. |
||
| 650 |
_aSweden -- Social life and customs. _xSweden -- Social life and customs. _6S56980.1 |
||
| 650 |
_aSweden -- Politics and government. _xSweden -- Politics and government. _6S52838.2 |
||
| 650 |
_aSweden -- Social conditions. _xSweden -- Social conditions. _6S31093.2 |
||
| 700 |
_aWilliam Mead. _6A77131.1 |
||
| 949 |
_aDL/631 _wlcc _i-14843 _p2500 _tBOOK _lON-SHELF |
||
| 004 | 18171 | ||
| 900 |
_51987 _8DL/631 _9MEA _c1 _p2500 |
||
| 999 |
_c163242 _d163242 |
||